000 00510nam a2200205Ia 4500
005 20250923150343.0
008 008 250917s9999 xx 000 0 eng d
037 _aTextual
040 _aDSWL
_beng
_cDSWL
041 _aeng
_2eng
084 _qDSWL
100 _aHesse-Biber, SN
_9845033
245 0 _aMixed Method Research
_cby S N Hesse-Biber
260 _aNew York
_bGuilford
_c2010
300 _a242p.
365 _aUSD
_b44
925 _g44
942 _cTEXL
999 _c1462534
_d1462534